<?xml version="1.0" encoding="UTF-8"?>
<record
    xmlns:xsi="http://www.w3.org/2001/XMLSchema-instance"
    xsi:schemaLocation="http://www.loc.gov/MARC21/slim http://www.loc.gov/standards/marcxml/schema/MARC21slim.xsd"
    xmlns="http://www.loc.gov/MARC21/slim">

  <leader>02528nam a22002417a 4500</leader>
  <controlfield tag="005">20211027125701.0</controlfield>
  <controlfield tag="008">211027b           ||||| |||| 00| 0 eng d</controlfield>
  <datafield tag="020" ind1=" " ind2=" ">
    <subfield code="a">8170950929</subfield>
  </datafield>
  <datafield tag="040" ind1=" " ind2=" ">
    <subfield code="c">AL</subfield>
  </datafield>
  <datafield tag="041" ind1=" " ind2=" ">
    <subfield code="a">eng</subfield>
  </datafield>
  <datafield tag="082" ind1=" " ind2=" ">
    <subfield code="2">23</subfield>
    <subfield code="a">320</subfield>
    <subfield code="b">VIVI</subfield>
  </datafield>
  <datafield tag="100" ind1=" " ind2=" ">
    <subfield code="a">Vivekanandan B</subfield>
    <subfield code="9">1960</subfield>
  </datafield>
  <datafield tag="245" ind1=" " ind2=" ">
    <subfield code="a">India Looks Ahead: Jayaprakash Narayan Memorial Lectures</subfield>
  </datafield>
  <datafield tag="260" ind1=" " ind2=" ">
    <subfield code="a">New Delhi</subfield>
    <subfield code="b">Lancers Books</subfield>
    <subfield code="c">2002</subfield>
  </datafield>
  <datafield tag="300" ind1=" " ind2=" ">
    <subfield code="a">220 p.</subfield>
    <subfield code="b">HB</subfield>
    <subfield code="c">22x15 cm.</subfield>
  </datafield>
  <datafield tag="365" ind1=" " ind2=" ">
    <subfield code="b">430.00</subfield>
    <subfield code="c">&#x20B9;</subfield>
    <subfield code="d">430.00</subfield>
  </datafield>
  <datafield tag="520" ind1=" " ind2=" ">
    <subfield code="a">Hardbound. Condition: As New. Contents: Preface. 1. Editor's introduction/B. Vivekanandan. 2. Secularism and social justice/Vishwanath Pratap Singh. 3. Human rights in action in India/Soli J. Sorabjee. 4. Is there an alternative to a non-violent revolution?/Ravindra Varma. 5. Tibet's freedom in perspective/The Dalai Lama. 6. Power as an instrument of socio-economic transformation/A.K. Damodaran. 7. If JP was alive today/Ajit Bhattacharjea. 8. Gandhi's human touch/Madhu Dandavate. 9. Subhas Chandra Bose: the man and his vision/ Pradip Bose. 10. Security environment in South Asia/George Fernandes. 11. India's vision for the new millennium/A.P.J. Abdul Kalam. 12. Jayaprakash Narayan: the man and his mission/Surur Hoda. 13. Globalisation, state and democracy/S.P. Shukla. Index. "This significant book is the confluence of thoughts of twelve outstanding personalities on various key questions India is faced with and is pointing the way for the future. These brilliant minds have articulated their thoughts through the medium of Jayaprakash Narayan Memorial Lectures. Among the great personalities whose thoughts form parts of this book are a Nobel Laureate, The Dalai Lama; a Bharat Ratna, Dr. A.P.J. Abdul Kalam; a Padma Vibhusan, Soli J. Sorabjee; a former Prime Minister, V.P. Singh; a former Deputy Chairman of the Planning Commission, Prof. Madhu Dandavate; an OBE, Surur Hoda; a Defence Minister, George Fernandes; a diplomat, A.K. Damodaran; a Gandhian, Ravindra Varma; a former Member of the Planning Commission, S.P. Shukla; a journalist, Ajit Bhattacharjea; and a social democratic ideologue and 220 pp. Seller Inventory # 44850</subfield>
    <subfield code="u">https://www.researchgate.net/publication/240967143_Book_Reviews_India_Looks_AheadB_VIVEKANANDAN_ed_India_Looks_Ahead_Jayaprakash_Narayan_Memorial_Lectures_1990-2001_New_Delhi_Lancers_Books_2002_Pp_220_Price_Rs_43000</subfield>
  </datafield>
  <datafield tag="650" ind1=" " ind2=" ">
    <subfield code="a">Political Science</subfield>
    <subfield code="9">1961</subfield>
  </datafield>
  <datafield tag="650" ind1=" " ind2=" ">
    <subfield code="a">Lectures</subfield>
    <subfield code="9">1962</subfield>
  </datafield>
  <datafield tag="650" ind1=" " ind2=" ">
    <subfield code="a">Political Leaders Lectures</subfield>
    <subfield code="9">1963</subfield>
  </datafield>
  <datafield tag="700" ind1=" " ind2=" ">
    <subfield code="a">VIVEKANANDAN (B)</subfield>
    <subfield code="9">1964</subfield>
  </datafield>
  <datafield tag="942" ind1=" " ind2=" ">
    <subfield code="2">ddc</subfield>
    <subfield code="c">GF</subfield>
  </datafield>
  <datafield tag="999" ind1=" " ind2=" ">
    <subfield code="c">216735</subfield>
    <subfield code="d">216735</subfield>
  </datafield>
  <datafield tag="952" ind1=" " ind2=" ">
    <subfield code="0">0</subfield>
    <subfield code="1">0</subfield>
    <subfield code="2">ddc</subfield>
    <subfield code="4">0</subfield>
    <subfield code="7">0</subfield>
    <subfield code="8">PS</subfield>
    <subfield code="a">AL</subfield>
    <subfield code="b">AL</subfield>
    <subfield code="d">2013-03-24</subfield>
    <subfield code="l">0</subfield>
    <subfield code="o">320 VIVI</subfield>
    <subfield code="p">GF00738</subfield>
    <subfield code="r">2021-10-27 00:00:00</subfield>
    <subfield code="w">2021-10-27</subfield>
    <subfield code="y">GF</subfield>
  </datafield>
</record>
